<?xml version="1.0" encoding="UTF-8"?><?xml-stylesheet type="text/xsl" href="static/style.xsl"?><OAI-PMH xmlns="http://www.openarchives.org/OAI/2.0/" xmlns:xsi="http://www.w3.org/2001/XMLSchema-instance" xsi:schemaLocation="http://www.openarchives.org/OAI/2.0/ http://www.openarchives.org/OAI/2.0/OAI-PMH.xsd"><responseDate>2026-04-14T06:33:25Z</responseDate><request verb="GetRecord" identifier="oai:www.recercat.cat:20.500.12694/7215" metadataPrefix="marc">https://recercat.cat/oai/request</request><GetRecord><record><header><identifier>oai:recercat.cat:20.500.12694/7215</identifier><datestamp>2025-12-18T12:09:20Z</datestamp><setSpec>com_2072_179042</setSpec><setSpec>col_2072_484474</setSpec></header><metadata><record xmlns="http://www.loc.gov/MARC21/slim" xmlns:dcterms="http://purl.org/dc/terms/" xmlns:xsi="http://www.w3.org/2001/XMLSchema-instance" xmlns:doc="http://www.lyncode.com/xoai" xsi:schemaLocation="http://www.loc.gov/MARC21/slim http://www.loc.gov/standards/marcxml/schema/MARC21slim.xsd">
   <leader>00925njm 22002777a 4500</leader>
   <datafield ind2=" " ind1=" " tag="042">
      <subfield code="a">dc</subfield>
   </datafield>
   <datafield ind2=" " ind1=" " tag="720">
      <subfield code="a">García Perals, Jorge</subfield>
      <subfield code="e">author</subfield>
   </datafield>
   <datafield ind2=" " ind1=" " tag="260">
      <subfield code="c">2021-06</subfield>
   </datafield>
   <datafield ind2=" " ind1=" " tag="520">
      <subfield code="a">Aquest treball neix del desig d'establir una relació entre el meu Treball Final de Grau i el meu Recital Final de Grau. L'elecció de les obres del meu Recital Final, que són la Sonata per a arpeggione D. 821 de Franz Schubert i les Märchenbilder op. 133 de Robert Schumann, em va portar a decidir en què basar l'estudi de recerca del present treball. En aquest document es presentaran les diferències d'articulació entre els compositors Franz Schubert i Robert Schumann. La informació deriva de la investigació de diferents escrits que tracten sobre l'articulació i de la relació entre signes que indiquen articulació i el seu significat en les obres proposades d'ambdós compositors.</subfield>
   </datafield>
   <datafield ind2=" " ind1=" " tag="520">
      <subfield code="a">Este trabajo nace del deseo de establecer una relación entre mi Trabajo Final de Grado y mi Recital Final de Grado. La elección de las obras de mi Recital Final, que son la Sonata para arpeggione D. 821 de Franz Schubert y las Märchenbilder op. 133 de Robert Schumann, me llevó a decidir en qué basar el estudio de investigación del presente trabajo. En este documento se presentan las diferencias de articulación entre los compositores Franz Schubert y Robert Schumann. La información deriva de la investigación de diferentes escritos que tratan sobre la articulación y de la relación entre signos que indican articulación y su significado en las obras propuestas de ambos compositores.</subfield>
   </datafield>
   <datafield ind2=" " ind1=" " tag="520">
      <subfield code="a">This dissertation is born from the desire to establish a relationship between my Final Degree Project and my Final Degree Recital. The choice of pieces for my Final Recital, which are the Arpeggione Sonata D. 821 by Franz Schubert and the Märchenbilder op. 133 by Robert Schumann, led me to decide on what to base the research study of this project. In this document, the differences in articulation between the composers Franz Schubert and Robert Schumann will be presented. The information derives from the investigation of different writings that deal with articulation and the relationship between signs that indicate articulation and their meanings in the works proposed by both composers.</subfield>
   </datafield>
   <datafield ind1="8" ind2=" " tag="024">
      <subfield code="a">http://hdl.handle.net/20.500.12694/7215</subfield>
   </datafield>
   <datafield tag="653" ind2=" " ind1=" ">
      <subfield code="a">TFG Música clàssica i contemporània</subfield>
   </datafield>
   <datafield tag="653" ind2=" " ind1=" ">
      <subfield code="a">Viola i piano, Música per a--Interpretació (Fraseig, dinàmica, etc.)</subfield>
   </datafield>
   <datafield tag="653" ind2=" " ind1=" ">
      <subfield code="a">Schubert, Franz, 1797-1828. Sonates, arpeggione, piano, D. 821, la menor</subfield>
   </datafield>
   <datafield tag="653" ind2=" " ind1=" ">
      <subfield code="a">Schubert, Franz, 1797-1828--Crítica i interpretació</subfield>
   </datafield>
   <datafield tag="653" ind2=" " ind1=" ">
      <subfield code="a">Schumann, Robert, 1810-1856. Märchenbilder</subfield>
   </datafield>
   <datafield tag="653" ind2=" " ind1=" ">
      <subfield code="a">Schumann, Robert, 1810-1856--Crítica i interpretació</subfield>
   </datafield>
   <datafield ind2="0" ind1="0" tag="245">
      <subfield code="a">Diferencias de articulación entre Franz Schubert y Robert Schumann: una aproximación a la Sonata para arpeggione D.821 y las Märchenbilder op.113</subfield>
   </datafield>
</record></metadata></record></GetRecord></OAI-PMH>